ՀՀ Գիտությունների ազգային ակադեմիայի հիմնարար գիտական գրադարան  =   Fundamental Scientific Library of NAS RA

Web 2.0 for librarians and information professionals / (Record no. 255021)

MARC details
000 -LEADER
fixed length control field 01094cam a2200253 a 4500
001 - CONTROL NUMBER
control field 000687482
003 - CONTROL NUMBER IDENTIFIER
control field AM-YeHGA
005 - DATE AND TIME OF LATEST TRANSACTION
control field 20250617142308.0
008 - FIXED-LENGTH DATA ELEMENTS--GENERAL INFORMATION
fixed length control field 071029s2008 nyua b 001 0 eng d
020 ## - INTERNATIONAL STANDARD BOOK NUMBER
Canceled/invalid ISBN 9781555706142 (alk. paper)
020 ## - INTERNATIONAL STANDARD BOOK NUMBER
International Standard Book Number 1555706142 (alk. paper)
040 ## - CATALOGING SOURCE
Original cataloging agency AM-YeHGA
041 0# - LANGUAGE CODE
Language code of text/sound track or separate title eng
090 ## - LOCALLY ASSIGNED LC-TYPE CALL NUMBER (OCLC); LOCAL CALL NUMBER (RLIN)
-- 256625
100 1# - MAIN ENTRY--PERSONAL NAME
Personal name Kroski, Ellyssa.
245 10 - TITLE STATEMENT
Title Web 2.0 for librarians and information professionals /
Statement of responsibility, etc. Ellyssa Kroski.
260 ## - PUBLICATION, DISTRIBUTION, ETC.
Place of publication, distribution, etc. New York :
Name of publisher, distributor, etc. Neal-Schuman Publishers,
Date of publication, distribution, etc. 2008.
300 ## - PHYSICAL DESCRIPTION
Extent xiv, 209 p. :
Other physical details ill. ;
Dimensions 23 cm.
504 ## - BIBLIOGRAPHY, ETC. NOTE
Bibliography, etc. note Includes bibliogr. references and index.
505 0# - FORMATTED CONTENTS NOTE
Formatted contents note Web 2.0 ; Blogs ; RSS and newsreaders ; Wikis ; Social bookmarking ; Photo sharing ; Social cataloging ; Video sharing ; Personalized start pages ; Social networking software ; Vertical search engines ; Social news ; Answers technology ; Virtual worlds ; Productivity tools ; Podcasting ; Mashups.
650 #0 - SUBJECT ADDED ENTRY--TOPICAL TERM
Topical term or geographic name entry element Web 2.0.
650 #0 - SUBJECT ADDED ENTRY--TOPICAL TERM
Topical term or geographic name entry element Libraries and the Internet.
856 41 - ELECTRONIC LOCATION AND ACCESS
Operating system Table of contents only
Uniform Resource Identifier <a href="http://www.loc.gov/catdir/toc/ecip083/2007043249.html">http://www.loc.gov/catdir/toc/ecip083/2007043249.html</a>
Holdings
Withdrawn status Lost status Damaged status Not for loan Collection Home library Current library Date acquired Cost, normal purchase price Shelving control number Total checkouts Full call number Barcode Date last seen Price effective from Koha item type Public note
        General Fundamental Scientific Library Fundamental Scientific Library 29/12/2016 2000.00     И II/114247 FL0124895 29/12/2016 29/12/2016 Գրքեր / Books 30 Days Loan


ՀՀ ԳԱԱ հիմնարար գիտական գրադարան
ՀՀ,Երևան 0019
Մարշալ Բաղրամյան 24/6
հեռախոս:(374-10) 52-47-50
Հետադարձ կապ

All site content, except where otherwise noted, is licensed under a
Creative Commons License